| 000 | 01962cam a2200529 a 4500 | ||
|---|---|---|---|
| 001 | 21465 | ||
| 003 | VRT | ||
| 005 | 20260302130405.0 | ||
| 008 | 240315s2011 xo a b 000 f slo | ||
| 015 | _aSNBA2012/08-04783 | ||
| 020 |
_a9788089379699 _q( viaz.) |
||
| 035 | _aB94BC628-1C7B-4DF7-8B34-ECB5907C32A6 | ||
| 035 | _aurn:nbn:sk:snk-amjxtq | ||
| 035 | _aurn:nbn:sk:snk-am0080og | ||
| 039 | 9 |
_a202403151740 _bVLOAD _c201511121723 _dVLOAD _c201507071650 _dVLOAD _c201401141314 _dmbpksh01 |
|
| 040 |
_aPOKPOH _bslo _cPOKPOH _dSNK _eAACR2 |
||
| 041 | 1 |
_aslo _hspa |
|
| 044 |
_axo _cSK |
||
| 072 | 7 |
_a821-93 _xLiteratúra pre deti a mládež (beletria) _2konspekt |
|
| 080 |
_a821-342 _2201 |
||
| 080 |
_a821-93 _22001 |
||
| 100 | 1 |
_aErbiti, Alejandra, _d1963- _4aut |
|
| 240 | 1 | 0 |
_aSelección dorada - Fábulas _lSlovensky |
| 245 | 1 | 0 |
_aZlatý výber _bbájky 1 _b[antológia nesmrteľných klasických bájok _cúprava bájok: Alejandra Erbitiová ; ilustrácie: Claudio Briasco (Carú) ; preklad Radovan Al Zafari] |
| 246 | 3 | 0 | _aBájky 1 |
| 250 | _a1. vyd. | ||
| 260 |
_aBratislava _bFortuna Libri _c2011 |
||
| 300 |
_a63 s. _bfareb. ilustr. _c35 cm |
||
| 490 | 1 | _aFortuna Junior | |
| 500 | _aNázov z obalu | ||
| 500 | _aPravdepodobne preložené zo špan. | ||
| 655 | 7 |
_abájky _2SNKPH |
|
| 655 | 7 |
_apublikácie pre deti _2SNKPH |
|
| 655 | 7 |
_aFables _2SNKPHeng |
|
| 655 | 7 |
_aChildren's literature _2SNKPHeng |
|
| 700 | 1 |
_aBriasco, Claudio _4ill |
|
| 700 | 1 |
_aAl Zafari, Radovan _4trl |
|
| 830 | 0 | _aFortuna Junior | |
| 942 |
_2ddc _cKLDE _n0 |
||
| 949 |
_617A1048587 _asnkSB 83407/1 _bsnk2012/17086 _o1063/12 _s6100:20140925 |
||
| 949 |
_617A1048588 _asnkSB 83407/1 D1 _bsnk2012/17087 _o1063/12 |
||
| 949 |
_6270001000398322 _asvkbbD 1303-1 _bsvkbbm 726661 |
||
| 949 |
_63869A13546 _abpksh821-342:821-93 _bbpksh63355 |
||
| 949 |
_62889186996 _asavukPV 16679 _bsavuk2012/3382 |
||
| 949 |
_6273K0552277 _asvkpoD 2974 _bsvkpo556573 |
||
| 980 | _a821-342 | ||
| 999 |
_c21465 _d21465 |
||